Φυσικοχημεία

Saved in:
Bibliographic Details
Main Author: Καραϊσκάκης, Γιώργος Σ.
Format: Book
Language:Greek
Published: Αθήνα : Π. Τραυλός - Ε. Κωσταράκη c1995.
Subjects:
Tags: Add Tag
No Tags, Be the first to tag this record!

MARC

LEADER 00000nam a2200000 i 4500
001 1/70407
008 990225s1995 gre d
020 |a 9607122313 
035 |l 10048091 
040 |a GR-MY-UA  |b gre  |e aacr 
041 0 |a gre 
082 0 |a 541.3  
100 1 |a Καραϊσκάκης, Γιώργος Σ. 
245 1 0 |a Φυσικοχημεία /   |c Γεωργίου Σ. Καραισκάκη.  
260 |a Αθήνα :   |b Π. Τραυλός - Ε. Κωσταράκη   |c c1995.  
300 |a 547 σ.  
504 |a Περιέχει βιβλιογραφία και ευρετήριο.  
650 0 0 |a Chemistry, Physical and theoretical. 
852 |a INST  |b LEMNOS  |e 20141029  |h 541.3 ΚΑΡ  |p 005600001679  |q 005600001679  |t BK  |y 0 
852 |a INST  |b LEMNOS  |c EUDOXUS  |e 20150526  |h 541.3 ΚΑΡ  |p 005600001483  |q 005600001483  |t EDX  |y 0 
852 |a INST  |b LESVOS  |e 19990225  |h 541.3 ΚΑΡ  |p 005100017434  |q 005100017434  |t BK  |y 0 
901 |a BIBL-1999-1 
901 |a BIBL6-2014-3 
909 |a Λ  |b 061203 
909 |a Μ  |b 190130 
920 |a Εύδοξος  |b Παραγγελία  |y Λήμνος-ΤΕΤΔ  |z 2015-05 
922 |a 1ΕΛΗ  |b 199811  |c ΚΠΣ/ΤΠ  |d EMVASIS 
922 |a 6ΕΛΗ  |b 201407  |c ΤΑΚ/ΤΕΤΔ  |d ΙΩΑΝΝΙΔΟΥ 
950 |a 107-1998-04-08 
970 |a ΜΟΣΧΟΒΗ  |b ΕΥΑΓΓΕΛΙΑ  |z 2014/10/29